000
00303nam a22001337a 4500
008
181016b xxu||||| |||| 00| 0 eng d
020
_a
9780070091825
041
_a
eng
080
_a
159.9
100
_a
48
101
_a
PSI
245
_a
The Social Psychology of Gender
_c
Burn,Sh.M
942
_2
udc
_c
BK
999
_c
49886
_d
49886